000 01460nam0a2200337 4500
001 RU\NLR\bibl\1165942
005 20250615083928.0
010 _a978-5-94869-040-7
_91000
021 _aRU
_b2007-74554
_94013
035 _a(NLR Aleph) 001152656
090 _a1487505
_c1487505
100 _a20071211d2007 |||y0rusy50 ca
101 0 _arus
102 _aRU
105 _aa |||||||||
200 1 _aАзы биометрии
_eучебно-методическое пособие
_e[для студентов педагогических вузов]
_fС.В. Мыльников
210 _aСанкт-Петербург
_cИзд-во Н-Л
_d2007
215 _a56 с.
_cил.
_d21
225 1 _aВ помощь школьнику и преподавателю
300 _aНа обороте тит. л. авт.: доц., к.б.н. С.В. Мыльников
320 _aБиблиогр.: с. 50 (2 назв.)
606 1 _aБиометрия
_jУчебно-методические пособия для высших учебных заведений
_92186435
_3RU\NLR\auth\661314552
686 _aЕ.в647я732ЧЗ
700 1 _4070
_7ca
_8rus
_aМыльников
_bС. В.
_cканд. биол. наук
_gСергей Владимирович
_9174703
_3RU\NLR\AUTH\770174754
801 0 _aRU
_bNLR
_c20071211
_gRCR
801 1 _aRU
_bNLR
_c20071211
830 _aавт. по кн.
942 _cBOOK
980 _aNB